Act comes to the rescue (Record no. 73954)
[ view plain ]
| 000 -LEADER | |
|---|---|
| fixed length control field | 00986cam a2200193 4500 |
| 001 - CONTROL NUMBER | |
| control field | ABS67311 |
| 008 - FIXED-LENGTH DATA ELEMENTS--GENERAL INFORMATION | |
| fixed length control field | 031211n2003 000 0 eng u |
| 035 ## - SYSTEM CONTROL NUMBER | |
| System control number | (Sirsi) u124610 |
| 100 ## - MAIN ENTRY--PERSONAL NAME | |
| Personal name | Winter, J. |
| 245 ## - TITLE STATEMENT | |
| Title | Act comes to the rescue |
| 260 ## - PUBLICATION, DISTRIBUTION, ETC. | |
| Date of publication, distribution, etc. | 2003 |
| 490 ## - SERIES STATEMENT | |
| Series statement | Construction News |
| Volume/sequential designation | (6842) 13 November 2003, 25(1) |
| 520 ## - SUMMARY, ETC. | |
| Summary, etc. | Examines how the Enterprise Act 2002 changes UK corporate insolvency law. The legislation abolishes the right of a bank to appoint an administrative receiver. It will ensure the survival of more firms through administration. The Act also abolishes the preferred status of the Inland Revenue, Customs and Excise and Social Security contributions, which will be beneficial to construction companies. A proportion of the available proceeds will be ring-fenced for the settlement of unsecured creditors. |
| 590 ## - LOCAL NOTE (RLIN) | |
| Local note | ABS |
| 650 ## - SUBJECT ADDED ENTRY--TOPICAL TERM | |
| Topical term or geographic name entry element | ENTERPRISE ACT 2002 |
| 650 ## - SUBJECT ADDED ENTRY--TOPICAL TERM | |
| Topical term or geographic name entry element | Insolvency |
| 9 (RLIN) | 6247 |
| 690 ## - LOCAL SUBJECT ADDED ENTRY--TOPICAL TERM (OCLC, RLIN) | |
| Topical term or geographic name as entry element | MANAGEMENT-BUSINESS MANAGEMENT |
| 942 ## - ADDED ENTRY ELEMENTS (KOHA) | |
| Suppress in OPAC | 0 |
| Withdrawn status | Lost status | Source of classification or shelving scheme | Damaged status | Not for loan | Home library | Current library | Shelving location | Date acquired | Total Checkouts | Full call number | Barcode | Date last seen | Copy number | Price effective from | Koha item type |
|---|---|---|---|---|---|---|---|---|---|---|---|---|---|---|---|
| Dewey Decimal Classification | London | London | Journal article | 11/12/2003 | ABS67311 | 124610-1001 | 06/08/2019 | 1 | 06/08/2019 | Journal article |